Statistics for Top 20 Biggest US Cities

Click here to take the quiz!

General Stats

  • This quiz has been taken 610 times
  • The average score is 16 of 20

Answer Stats

PopulationCity% Correct
19,832,000New York
100%
9,522,000Chicago
98%
17,403,000Los Angeles
98%
6,177,000Houston
95%
6,701,000Dallas
93%
4,456,000San Francisco
93%
4,641,000Boston
92%
5,763,000Miami
92%
3,552,000Seattle
89%
6,019,000Philadelphia
84%
3,177,000San Diego
84%
5,458,000Atlanta
83%
5,860,000Washington
83%
4,292,000Detroit
82%
4,330,000Phoenix
77%
2,645,000Denver
76%
3,422,000Minneapolis
64%
2,753,000Baltimore
61%
2,796,000St Louis
55%
2,843,000Tampa
49%

Score Distribution

Percentile by Number Answered

Percent of People with Each Score

Your Score History

You have not taken this quiz